| 000 | 00813nam a22002297a 4500 | ||
|---|---|---|---|
| 999 |
_c17679 _d17679 |
||
| 003 | AR-CdUCM | ||
| 008 | 190509b ||||| |||| 00| 0 spa d | ||
| 040 |
_aMUNICIPALIDAD PROVINCIAL DEL CUSCO _cBIBLIOTECA MUNICIPAL DEL CUSCO |
||
| 041 | _heng | ||
| 082 |
_a374.381 / _bL65 |
||
| 100 |
_aLindberg, Lucile _937817 |
||
| 245 | _aLa democracia en la escuela / | ||
| 260 |
_aMéxico D. F. : _bLetras, _c1961. |
||
| 300 |
_a154 páginas ; _c19 cm. |
||
| 500 | _aTexto no cuenta con traductor. | ||
| 505 | _aContenido: El proceso de grupo y la educación -- Identificación y definición de las necesidades -- Planeación -- Activando los planes -- Valoración ... | ||
| 650 |
_aEducación _9460 |
||
| 650 |
_aDesarrollo _92021 |
||
| 650 |
_aInfantil _96210 |
||
| 942 |
_2ddc _cLIBROS |
||
| 945 |
_aachl _d2019-05-09 |
||